Which One Doesn't Belong - Statistics

General Stats
  • This quiz has been taken 13 times
  • The average score is 8 of 15
Answer Stats
Question Answer % Correct
fictional childhood beliefs Sponge Bob
89%
has a US president born in this state Colorado
67%
People born before 1000 AD Genghis Khan
67%
won a World Series Ken Griffey Jr.
67%
Born in the United States Ryan Gosling
67%
Acted in Happy Gilmore 2 Carl Weathers
56%
made from feathers felt
56%
spherical shape football
56%
Vietnam national animal Great Dane
56%
NFL equipment Shin braces
56%
Ore containing only 1 element Diamond
44%
SEC teams Oklahoma State
44%
flag with 4 colors Seychelles
44%
Played alongside LeBron James Kevin Durant
33%
antonym of serendipity windfall
33%
No matching quizzes found
Score Distribution
Percent of People with Each Score
Percentile by Number Answered
Your Score History
You have not taken this quiz